BIG Ten States - Sudden Death - Statistics

General Stats
  • This quiz has been taken 16 times
  • The average score is 10 of 14
Answer Stats
Answer % Correct
Michigan
94%
California
81%
Ohio
81%
Illinois
75%
Minnesota
75%
Pennsylvania
75%
Washington
75%
Wisconsin
75%
Indiana
69%
Maryland
69%
Nebraska
69%
Oregon
69%
Iowa
63%
New Jersey
63%
No matching quizzes found
Score Distribution
Percent of People with Each Score
Percentile by Number Answered
Your Score History
You have not taken this quiz